Efecto de trichoderma harzianum, micorrizas y procloraz, en el control de Fusarium oxysporum f.sp. lycopersici en Jitomate / (Record no. 220074)
[ view plain ]
| 000 -CABECERA | |
|---|---|
| campo de control de longitud fija | 02750nam a22003377a 4500 |
| 003 - IDENTIFICADOR DEL NÚMERO DE CONTROL | |
| campo de control | OSt |
| 005 - FECHA Y HORA DE LA ÚLTIMA TRANSACCIÓN | |
| campo de control | 20240817002658.0 |
| 007 - CAMPO FIJO DE DESCRIPCIÓN FÍSICA--INFORMACIÓN GENERAL | |
| campo de control de longitud fija | cr ||||||a|c|a |
| 008 - DATOS DE LONGITUD FIJA--INFORMACIÓN GENERAL | |
| campo de control de longitud fija | 240814s2023 mx ad||fom||| 001 0 spa d |
| 040 ## - FUENTE DE LA CATALOGACIÓN | |
| Normas de descripción | rda |
| 100 1# - ENTRADA PRINCIPAL--NOMBRE DE PERSONA | |
| Nombre de persona | Jaimes Serrato, Floricel |
| 9 (RLIN) | 189414 |
| 245 10 - MENCIÓN DE TÍTULO | |
| Título | Efecto de trichoderma harzianum, micorrizas y procloraz, en el control de Fusarium oxysporum f.sp. lycopersici en Jitomate / |
| Mención de responsabilidad, etc. | por Floricel Jaimes Serrato; presidente Candelario Santillán Ortega; secretario Snatos Gerardo Leyva Mir; vocal Jaime Alfredo Urzúa Gutiérrez; suplente Calixto Leopoldo Carrillo Fonseca; suplente Guillermo Mondragón Pedrero |
| 264 #1 - PRODUCCIÓN, PUBLICACIÓN, DISTRIBUCIÓN, FABRICACIÓN Y COPYRIGHT | |
| Producción, publicación, distribución, fabricación y copyright | Chapingo, México : |
| Nombre del de productor, editor, distribuidor, fabricante | El autor, |
| Fecha de producción, publicación, distribución, fabricación o copyright | 2023 |
| 300 ## - DESCRIPCIÓN FÍSICA | |
| Extensión | 1 recurso en línea (42 páginas): |
| Otras características físicas | Ilustraciones, cuadros, gráficas |
| 336 ## - TIPO DE CONTENIDO | |
| Fuente | rdacontent |
| Término de tipo de contenido | texto |
| Código de tipo de contenido | txt |
| 337 ## - TIPO DE MEDIO | |
| Fuente | rdamedia |
| Nombre/término del tipo de medio | computadora |
| Código del tipo de medio | c |
| 338 ## - TIPO DE SOPORTE | |
| Fuente | rdacarrier |
| Nombre/término del tipo de soporte | recurso en línea |
| Código del tipo de soporte | cr |
| 502 ## - NOTA DE TESIS | |
| Tipo de título | Ingeniero Agrónomo Especialista en Parasitología Agrícola |
| Nombre de la institución que otorga el título | Departamento de Enseñanza, Investigación y Servicio en Parasitología Agrícola, |
| Año de obtención del título | 2023 |
| Información miscelánea | Licenciatura |
| 504 ## - NOTA DE BIBLIOGRAFÍA, ETC. | |
| Nota de bibliografía, etc. | Incluye referencias bibliográficas: páginas 29-38 |
| 520 ## - SUMARIO, ETC. | |
| Sumario, etc. | La presente investigación se realizó con el objetivo de evaluar la efectividad biológica de Trichoderma harzianum, micorrizas y procloraz, para el control de Fusarium oxysporum f.sp. lycopersici en plantas de jitomate variedad Floradade. El experimento se realizó en un invernadero del Departamento de Parasitología Agrícola, ubicado en la Universidad Autónoma Chapingo. Se utilizó un diseño en bloques completos al azar con ocho tratamientos y cada tratamiento consistió en seis plántulas con cuatro repeticiones. Para encontrar el mejor tratamiento se evaluó el tamaño de la parte aérea de las plantas y las raíces, el peso fresco de la parte aérea de las plantas y las raíces. Los productos evaluados fueron Trichoderma harzianum (2.5 g / L H2O), micorrizas (2.5 g / L H2O) y procloraz (2.5 mL / L H2O), aplicados de forma preventiva y curativa a la infección con Fusarium. Los resultados arrojaron que Trichoderma harzianum aplicado de forma preventiva a la infección fue el más efectivo para el control de Fusarium oxysporum f.sp. lycopersici en plantas de jitomate. |
| 650 #4 - PUNTO DE ACCESO ADICIONAL DE MATERIA--TÉRMINO DE MATERIA | |
| Término de materia o nombre geográfico como elemento de entrada | Fusarium oxysporum |
| Subdivisión general | Control biológico |
| 9 (RLIN) | 131842 |
| 650 #4 - PUNTO DE ACCESO ADICIONAL DE MATERIA--TÉRMINO DE MATERIA | |
| Término de materia o nombre geográfico como elemento de entrada | Tomate |
| Subdivisión general | Rendimiento |
| 9 (RLIN) | 113761 |
| 650 #4 - PUNTO DE ACCESO ADICIONAL DE MATERIA--TÉRMINO DE MATERIA | |
| Término de materia o nombre geográfico como elemento de entrada | Marchitez del tomate |
| 9 (RLIN) | 71288 |
| 700 1# - PUNTO DE ACCESO ADICIONAL--NOMBRE DE PERSONA | |
| Nombre de persona | Santillán Ortega, Candelario |
| 9 (RLIN) | 102429 |
| Término indicativo de función/relación | presidente |
| 700 1# - PUNTO DE ACCESO ADICIONAL--NOMBRE DE PERSONA | |
| Nombre de persona | Leyva Mir, Santos Gerardo |
| 9 (RLIN) | 66581 |
| 700 1# - PUNTO DE ACCESO ADICIONAL--NOMBRE DE PERSONA | |
| Nombre de persona | Urzúa Gutiérrez, Jaime Alfredo |
| 9 (RLIN) | 117018 |
| Término indicativo de función/relación | vocal |
| 700 1# - PUNTO DE ACCESO ADICIONAL--NOMBRE DE PERSONA | |
| Nombre de persona | Carrillo Fonseca, Calixto Leopoldo |
| 9 (RLIN) | 19482 |
| Término indicativo de función/relación | suplente |
| 700 1# - PUNTO DE ACCESO ADICIONAL--NOMBRE DE PERSONA | |
| Nombre de persona | Mondragón Pedrero, Guillermo |
| 9 (RLIN) | 77486 |
| Término indicativo de función/relación | suplente |
| 856 ## - LOCALIZACIÓN Y ACCESO ELECTRÓNICOS | |
| Identificador Uniforme del Recurso | http://10.13.5.2/tesis/tl/1511215-6_JAIMES_SERRATO_FLORICEL.pdf |
| Nota pública | DESCARGAR PDF |
| 942 ## - ELEMENTOS DE PUNTO DE ACCESO ADICIONAL (KOHA) | |
| Fuente del sistema de clasificación o colocación | Clasificación Universidad Autónoma Chapingo |
| Tipo de ítem Koha | Tesis digital |
| Estado de retiro | Estado de pérdida | Fuente del sistema de clasificación o colocación | Estado dañado | Restricciones de uso | No para préstamo | Código de colección | Localización permanente | Ubicación/localización actual | Ubicación en estantería | Fecha de adquisición | Total de préstamos | Signatura topográfica completa | Fecha visto por última vez | Precio válido a partir de | Tipo de ítem Koha |
|---|---|---|---|---|---|---|---|---|---|---|---|---|---|---|---|
| Clasificación Universidad Autónoma de Chapingo | Préstamo interno | Tesis digitales de Licenciatura | Biblioteca Digital | Biblioteca Digital | En línea | 14/08/2024 | Tesis digital | 14/08/2024 | 14/08/2024 | Tesis digital |
